Laboratory design guide: for clients, architects and their design team. The laboratory design process from start to finish

Uloženo v:
Podrobná bibliografie
Hlavní autor: Griffin, Brian (Autor)
Médium: Kniha
Jazyk:angličtina
Vydáno: Amsterdam Elsevier 2005
Vydání:3a. ed
Témata:
Tagy: Přidat tag
Žádné tagy, Buďte první, kdo vytvoří štítek k tomuto záznamu!

MARC

LEADER 00000nam a2200000 a 4500
001 UCI7772
003 CL-VaPUC
008 080725e20050000NE |||||||||||||||||eng|d
020 |a 0750660899 
082 0 4 |a 727.55  |b GRI  |2 21 
100 0 |a Griffin, Brian  |e author  |9 531040 
245 1 0 |a Laboratory design guide: for clients, architects and their design team. The laboratory design process from start to finish 
250 |a 3a. ed 
300 |a 346 p 
942 |c BK 
945 |d 20080725 00:00:00  |a rbrito 
260 |a Amsterdam  |b Elsevier  |c 2005 
650 7 |a CONSTRUCCION DE LABORATORIOS  |2 CL-VaPUC  |9 531041 
650 7 |a LABORATORIOS  |2 CL-VaPUC  |9 264068 
650 0 |a Diseño arquitectónico   |9 265271 
583 |a last modification  |c 20080725 00:00:00  |k Rodrigo Vera 
999 |c 330919  |d 330917 
952 |0 0  |1 0  |4 0  |6 727_550000000000000_GRI_2005  |7 0  |8 A  |9 416849  |a BIBALI  |b BIBALI  |d 2019-11-22  |i 4460030  |o 727.55 GRI 2005  |p 4460030  |r 2025-01-20  |w 2019-11-22  |y BK  |k ALI